Theory of Vibration (Record no. 3238)

000 -LEADER
fixed length control field 05391nam a22004935i 4500
007 - PHYSICAL DESCRIPTION FIXED FIELD--GENERAL INFORMATION
fixed length control field cr nn 008mamaa
008 - FIXED-LENGTH DATA ELEMENTS--GENERAL INFORMATION
fixed length control field 181012s2019 sz | s |||| 0|eng d
020 ## - INTERNATIONAL STANDARD BOOK NUMBER
International Standard Book Number 9783319942711
-- 978-3-319-94271-1
040 ## - CATALOGING SOURCE
Original cataloging agency IMU Kochi Library
Language of cataloging eng
041 0# - LANGUAGE CODE
Language code of text/sound track or separate title eng
082 04 - DEWEY DECIMAL CLASSIFICATION NUMBER
Classification number 620.3
Edition number 23
100 1# - MAIN ENTRY--PERSONAL NAME
Personal name Shabana, Ahmed A.
245 10 - TITLE STATEMENT
Title Theory of Vibration
Medium [electronic resource] :
Sub Title An Introduction /
250 ## - EDITION STATEMENT
Edition statement 3rd ed. 2019.
300 ## - PHYSICAL DESCRIPTION
Extent XIII, 375 p. 184 illus., 125 illus. in color.
Other physical details online resource.
490 1# - SERIES STATEMENT
Series statement Mechanical Engineering Series,
505 0# - FORMATTED CONTENTS NOTE
Formatted contents note 1 Introduction -- 1.1 Basic Definitions -- 1.2 Elements of the Vibration Models -- 1.3 Particle Dynamics -- 1.4 Systems of Particles -- 1.5 Dynamics of Rigid Bodies -- 1.6 Linearization of the Differential Equations -- 1.7 Idealization of Mechanical and Structural Systems -- Problems -- 2 Solution of the Vibration Equations -- 2.1 Homogeneous Differential Equations -- 2.2 Initial Conditions -- 2.3 Solution of Nonhomogeneous Equations with Constant Coefficients -- 2.4 Stability of Motion -- Problems -- 3 Free Vibration of Single Degree of Freedom Systems -- 3.1 Free Undamped Vibration -- 3.2 Analysis of the Oscillatory Motion -- 3.3 Stability of Undamped Linear Systems -- 3.4 Continuous Systems -- 3.5 Equivalent Systems -- 3.6 Free Damped Vibration -- 3.7 Logarithmic Decrement -- 3.8 Structural Damping -- 3.9 Coulomb Damping -- 3.10 Self-Excited Vibration -- 3.11 Motion Control -- 3.12 Impact Dynamics -- Problems -- 4 Forced Vibration -- 4.1 Differential Equation of Motion -- 4.2 Forced Undamped Vibration -- 4.3 Resonance and Beating -- 4.4 Forced Vibration of Damped Systems -- 4.5 Rotating Unbalance -- 4.6 Base Motion -- 4.7 Measuring Instruments -- 4.8 Experimental Methods for Damping Evaluation -- Problems -- 5 Response to Nonharmonic Forces -- 5.1 Periodic Forcing Functions -- 5.2 Determination of the Fourier Coefficients -- 5.3 Special Cases -- 5.4 Vibration Under Periodic Forcing Functions -- 5.5 Impulsive Motion -- 5.6 Response to an Arbitrary Forcing Function -- 5.7 Frequency Contents in Arbitrary Forcing Functions -- 5.8 Computer Methods in Nonlinear Vibration -- Problems -- 6 Systems with More Than One Degree of Freedom -- 6.1 Free Undamped Vibration -- 6.2 Matrix Equations -- 6.3 Damped Free Vibration -- 6.4 Undamped Forced Vibration -- 6.5 Vibration Absorber of the Undamped System -- 6.6 Forced Vibration of Damped Systems -- 6.7 The Untuned Viscous Vibration Absorber -- 6.8 Multi-Degree of Freedom Systems -- Problems -- 7 Continuous Systems -- 7.1 Free Longitudinal Vibrations -- 7.2 Free Torsional Vibrations -- 7.3 Free Transverse Vibrations -- 7.4 Orthogonality of the Eigenfunctions -- 7.5 Forced Longitudinal and Torsional Vibrations -- 7.6 Forced Transverse Vibrations -- Problems -- References -- Answers to Selected Problems.
520 ## - SUMMARY, ETC.
Summary, etc This fully revised and updated third edition covers the physical and mathematical fundamentals of vibration analysis, including single degree of freedom, multi-degree of freedom, and continuous systems. Adding a new chapter on special topics such as motion control, impact dynamics, and nonlinear dynamics, this textbook imparts a sound understanding of the fundamental theory of vibration and its applications. In a simple and systematic manner, it presents techniques that can easily be applied to the analysis of vibration of mechanical and structural systems. Unlike other texts on vibrations, the approach is general, based on the conservation of energy and Lagrangian dynamics, and develops specific techniques from these foundations in clearly understandable stages. Suitable for a one-semester course on vibrations, the book presents new concepts in simple terms and explains procedures for solving problems in considerable detail. It contains numerous exercises, examples and end-of-chapter problems. Features updates and revisions to all chapters as well as new sections on motion control, impact dynamics, and nonlinear dynamics; Provides lucid yet rigorous review of the mathematics needed for the solution of the vibration equations; Presents complete coverage of the theory of vibration with focus of the fundamentals, numerical and computer methods;; Reinforces concepts with numerous exercises and examples and end-of-chapter problems; Includes a Fortran code for solving ODEs of nonlinear vibration systems.
650 #0 - SUBJECT ADDED ENTRY--TOPICAL TERM
Topical term or geographic name as entry element Multibody systems.
650 #0 - SUBJECT ADDED ENTRY--TOPICAL TERM
Topical term or geographic name as entry element Vibration.
650 #0 - SUBJECT ADDED ENTRY--TOPICAL TERM
Topical term or geographic name as entry element Mechanics, Applied.
650 #0 - SUBJECT ADDED ENTRY--TOPICAL TERM
Topical term or geographic name as entry element Solids.
650 #0 - SUBJECT ADDED ENTRY--TOPICAL TERM
Topical term or geographic name as entry element Aerospace engineering.
650 #0 - SUBJECT ADDED ENTRY--TOPICAL TERM
Topical term or geographic name as entry element Astronautics.
650 #0 - SUBJECT ADDED ENTRY--TOPICAL TERM
Topical term or geographic name as entry element Nonlinear Optics.
650 #0 - SUBJECT ADDED ENTRY--TOPICAL TERM
Topical term or geographic name as entry element Automotive engineering.
650 14 - SUBJECT ADDED ENTRY--TOPICAL TERM
Topical term or geographic name as entry element Multibody Systems and Mechanical Vibrations.
650 24 - SUBJECT ADDED ENTRY--TOPICAL TERM
Topical term or geographic name as entry element Solid Mechanics.
650 24 - SUBJECT ADDED ENTRY--TOPICAL TERM
Topical term or geographic name as entry element Aerospace Technology and Astronautics.
650 24 - SUBJECT ADDED ENTRY--TOPICAL TERM
Topical term or geographic name as entry element Nonlinear Optics.
650 24 - SUBJECT ADDED ENTRY--TOPICAL TERM
Topical term or geographic name as entry element Automotive Engineering.
830 #0 - SERIES ADDED ENTRY--UNIFORM TITLE
Uniform title Mechanical Engineering Series,
852 ## - LOCATION/CALL NUMBER
Location IMU Kochi Library
856 40 - ELECTRONIC LOCATION AND ACCESS
Uniform Resource Identifier <a href="https://doi.org/10.1007/978-3-319-94271-1">https://doi.org/10.1007/978-3-319-94271-1</a>
904 ## - LOCAL DATA ELEMENT D, LDD (RLIN)
CATALOGER Rudra Ranjan
905 ## - LOCAL DATA ELEMENT E, LDE (RLIN)
VERIFIER Rudra Ranjan
942 ## - ADDED ENTRY ELEMENTS (KOHA)
Item type E-Book
264 #1 -
-- Cham :
-- Springer International Publishing :
-- Imprint: Springer,
-- 2019.
338 ## -
-- online resource
830 #0 - SERIES ADDED ENTRY--UNIFORM TITLE
-- 2192-063X

No items available.



Copyright © All Rights Reserved by Indian Maritime University, Kochi Campus.
For any Suggestions/Query Contact to library or Email: library.kochi@imu.ac.in Ph:(0484)-2989402
(Web OPAC Designed by Rudra Ranjan. Maintained by IMU Kochi Library)

Powered by Koha